000 00786cab a2200241 4500
001 WB3106-26
008 090401t1995 xxu||||| |||| 00| 0 eng d
035 _a(Sirsi) u71396
041 _aeng
245 _aLeaseholders lose right to enfranchisement
260 _c1995
350 _a0
490 _aDaily Telegraph
_v8 February 1995, 35(1)
520 _aHighlights the plight of leaseholders on the Chalcots Estate, north London, owned by Eton College whose right to buy their freehold may be lost.
650 _aFREEHOLDS
650 _aLANDLORD AND TENANT ACT 1987
650 _aLEASEHOLD ENFRANCHISEMENT
650 _aQUALIFYING LEASHOLDERS
650 _aRIGHT TO PRE-EMPT SALES
690 _aLANDLORD AND TENANT-LEASEHOLD REFORM
942 _n0
948 _c04/03/1997
999 _c45001
_d45001